000 00639nam a22002417a 4500
001 43439
003 UA-OsUOA
005 20211018211253.0
007 ta
008 20061222b un ||||| |||| 00| 0 ukr d
020 _a5-250-01468-2
040 _aUA-OsUOA
_brus
_cUA-OsUOA
_dUA-OsUOA
041 _arus
080 _a94(47+57)
090 _a94(47+57)
_bС65
100 _aСорос Дж.
245 _aСоветская система: к открытому обществу
260 _aМ.
_bИзд-во полит. лит-ры
_c1991
300 _a222 с.
650 7 _a94 Історія
_2UDC
942 _cBK
_2udc
955 _a4
999 _c329569
_d329569